Подробности
| 000 -МАРКЕР |
| контрольное поле |
01962nam0a2200373 4500 |
| 001 - ИДЕНТИФИКАТОР ЗАПИСИ |
| контрольное поле |
RU\NLR\BIBL_A\022321323 |
| 005 - ИДЕНТИФИКАТОР ВЕРСИИ |
| контрольное поле |
20250702131239.0 |
| 010 ## - МЕЖДУНАРОДНЫЙ СТАНДАРТНЫЙ НОМЕР КНИГИ (ISBN) |
| Номер (ISBN) |
978-5-00165-784-2 |
| 035 ## - ДРУГИЕ СИСТЕМНЫЕ НОМЕРА |
| Идентификатор записи |
(NLR Aleph) 022321323 |
| 100 ## - ДАННЫЕ ОБЩЕЙ ОБРАБОТКИ |
| Данные общей обработки |
20240912d2024 |||y0rusy50 ca |
| 101 0# - ЯЗЫК РЕСУРСА |
| Язык текста, звукозаписи и т.д. |
русский |
| 102 ## - СТРАНА ПУБЛИКАЦИИ ИЛИ ПРОИЗВОДСТВА |
| Страна публикации |
российская федерация |
| 105 ## - ПОЛЕ КОДИРОВАННЫХ ДАННЫХ: ТЕКСТОВЫЕ МАТЕРИАЛЫ, МОНОГРАФИЧЕСКИЕ |
| Кодированные данные о монографическом текстовом документе |
ac z 000yd |
| 181 #0 - ПОЛЕ КОДИРОВАННЫХ ДАННЫХ: ВИД СОДЕРЖАНИЯ |
| Код вида содержания (ISBD) |
i |
| Код характеристики содержания (ISBD) |
axxe |
| 182 #0 - ПОЛЕ КОДИРОВАННЫХ ДАННЫХ: ТИП СРЕДСТВА |
| Код типа средства (ISBD) |
n - непосредственное |
| 200 1# - ЗАГЛАВИЕ И СВЕДЕНИЯ ОБ ОТВЕТСТВЕННОСТИ |
| Основное заглавие |
Желание видеть |
| Сведения, относящиеся к заглавию |
посвящена описанию творческих биографий выдающихся художников: Рублев, Джотто, Брейгель, Босх, Леонардо да Винчи, Дюрер, Тициан, Эль Греко, Веласкес, Пуссен, Рембрандт, Вермеер, Каналетто, Гойя, Делакруа, Сезанн, Врубель |
| Первые сведения об ответственности |
С. Ялкут, Ю. Шейнис |
| 203 ## - ВИД СОДЕРЖАНИЯ И ТИП СРЕДСТВА |
| Вид содержания |
Текст |
| Дополнительные сведения об издании |
визуальный |
| Тип средства |
непосредственный |
| 210 ## - ПУБЛИКАЦИЯ, РАСПРОСТРАНЕНИЕ И ДР. |
| Место издания, распространения и т.д. |
Санкт-Петербург |
| Имя издателя, распространителя и т. д. |
Алетейя |
| Дата издания, распространения и т.д. |
2024 |
| 215 ## - ФИЗИЧЕСКАЯ ХАРАКТЕРИСТИКА |
| Специфическое обозначение материала и объем |
233, [1] с. |
| Другие сведения о физической характеристике |
ил., портр. |
| Размеры |
24 |
| 300 ## - ОБЩИЕ ПРИМЕЧАНИЯ |
| Текст примечания |
На авантит.: Независимый альянс |
| 333 ## - ПРИМЕЧАНИЯ ОБ ОСОБЕННОСТЯХ РАСПРОСТРАНЕНИЯ И ИСПОЛЬЗОВАНИЯ |
| Текст примечания |
16+ |
| 606 1# - НАИМЕНОВАНИЕ ТЕМЫ КАК ПРЕДМЕТ |
| Наименование темы |
Изобразительное искусство |
| Формальный подзаголовок |
Биографии |
| Системный номер авторитетной/нормативной записи |
2077705 |
| Идентификатор авторитетной/нормативной записи |
RU\NLR\AUTH\661253401 |
| 686 1# - ИНДЕКСЫ ДРУГИХ КЛАССИФИКАЦИЙ |
| Индекс |
Щ103(0)-8 |
| 700 #1 - ИМЯ ЛИЦА - ПЕРВИЧНАЯ ОТВЕТСТВЕННОСТЬ |
| Начальный элемент ввода |
Ялкут |
| Часть имени, кроме начального элемента ввода |
С. И. |
| Расширение инициалов личного имени |
Селим Исаакович |
| 701 #1 - ИМЯ ЛИЦА - АЛЬТЕРНАТИВНАЯ ОТВЕТСТВЕННОСТЬ |
| Начальный элемент ввода |
Шейнис |
| Часть имени, кроме начального элемента ввода |
Ю. П. |
| Расширение инициалов личного имени |
Юлий Петрович |
| 856 41 - МЕСТОНАХОЖДЕНИЕ ЭЛЕКТРОННЫХ РЕСУРОВ И ДОСТУП К НИМ |
| Имя пользователя (logon/login) |
VNP_UCHZ |
| Эмуляция терминала (Terminal emulation) |
VIEW |
| Универсальный идентификатор ресурса (Uniform Resource Identifier) |
https://webservices.nlr.ru/viewer/file?name=t022321323_001.jpg |
| Тип доступа (Access method) |
Обложка |
| 856 4# - МЕСТОНАХОЖДЕНИЕ ЭЛЕКТРОННЫХ РЕСУРОВ И ДОСТУП К НИМ |
| Имя пользователя (logon/login) |
VNP_UCHZ |
| Эмуляция терминала (Terminal emulation) |
VIEW |
| Универсальный идентификатор ресурса (Uniform Resource Identifier) |
https://webservices.nlr.ru/viewer/file?name=a022321323_002.txt |
| Тип доступа (Access method) |
Аннотация |
| 856 4# - МЕСТОНАХОЖДЕНИЕ ЭЛЕКТРОННЫХ РЕСУРОВ И ДОСТУП К НИМ |
| Имя пользователя (logon/login) |
VNP_UCHZ |
| Эмуляция терминала (Terminal emulation) |
VIEW |
| Универсальный идентификатор ресурса (Uniform Resource Identifier) |
https://webservices.nlr.ru/viewer/file?name=p022321323_003.jpg |
| Непубликуемое примечание (Nonpublic note) |
001 |
| Тип доступа (Access method) |
Страница |
| 942 ## - ДОПОЛНИТЕЛЬНЫЕ ЭЛЕМЕНТЫ ЗАПИСИ (АБИС) |
| Тип экземпляра АБИС |
Книга |
| 980 4# - КОЛЛЕКЦИЯ |
| Название коллекции |
Универсальный читальный зал |
| 980 ## - КОЛЛЕКЦИЯ |
| Название коллекции |
Национальная библиография |